| 000 | 01505nam a2200301 a 4500 | ||
|---|---|---|---|
| 001 | ebr10056733 | ||
| 003 | CaPaEBR | ||
| 006 | m u | ||
| 007 | cr cn||||||||| | ||
| 008 | 920219s1992 dcua sb f001 0 eng | ||
| 010 | _z 92007308 | ||
| 020 | _z0309046750 (acid-free paper) | ||
| 040 |
_aCaPaEBR _cCaPaEBR |
||
| 035 | _a(OCoLC)42329221 | ||
| 050 | 1 | 4 |
_aSH138 _b.N38 1992eb |
| 082 | 0 | 4 |
_a338.3/71/0973 _220 |
| 110 | 2 |
_aNational Research Council (U.S.). _bCommittee on Assessment of Technology and Opportunities for Marine Aquaculture in the United States. |
|
| 245 | 1 | 0 |
_aMarine aquaculture _h[electronic resource] : _bopportunities for growth / _cCommittee on Assessment of Technology and Opportunities for Marine Aquaculture in the United States, Marine Board, Commission on Engineering and Technical Systems, National Research Council. |
| 260 |
_aWashington D.C. : _bNational Academy Press, _c1992. |
||
| 300 |
_ax, 290 p. : _bill. |
||
| 504 | _aIncludes bibliographical references (p. 178-205) and index. | ||
| 533 |
_aElectronic reproduction. _bPalo Alto, Calif. : _cebrary, _d2013. _nAvailable via World Wide Web. _nAccess may be limited to ebrary affiliated libraries. |
||
| 650 | 0 |
_aMariculture _zUnited States. |
|
| 650 | 0 |
_aMariculture _xGovernment policy _zUnited States. |
|
| 655 | 7 |
_aElectronic books. _2local |
|
| 710 | 2 | _aebrary, Inc. | |
| 856 | 4 | 0 |
_uhttp://site.ebrary.com/lib/rucke/Doc?id=10056733 _zAn electronic book accessible through the World Wide Web; click to view |
| 999 |
_c70107 _d70107 |
||